• 首页
  • 本馆介绍
  • 公告通知
  • 最新文献
  • 馆藏检索
  • 电子资源
  • 读者导购
  • 参考咨询
  • 我的图书馆
  • 登录
  • 详细信息显示
  • 放入我的书架
  • 预约/预借图书
  • 作者相关作品
  • 分类相关作品
  • 丛书相关作品
  • 出版社相关作品

书目信息

  • 表格格式
  • 工作单格式
  • 卡片格式
题名:
GB/T 28001—2011职业健康安全管理体系内审员教程
    
 
作者: ;上海质量管理科学研究院 编著
分册:  
出版信息: 北京   中国质检出版社  2013
页数: 164页
开本: 26cm
丛书名:
单 册:
中图分类: X92
科图分类:
主题词: 劳动保护--劳动管理--体系--国家标准--中国--教材 , 劳动卫生--卫生管理--体系--国家标准--中国--教材 , 劳动保护 , 劳动管理 , 体系 , 国家标准 , 劳动卫生 , 卫生管理
电子资源:
ISBN: 978-7-5066-7091-3
000 01192nam0 2200313 450
001 012015000746
005 20150911082154.25
010    @a978-7-5066-7091-3@dCNY40.00
100    @a20130220d2013 em y0chiy50 ea
101 0  @achi
102    @aCN@b110000
105    @ay z 000yy
106    @ar
200 1  @aGB/T 28001—2011职业健康安全管理体系内审员教程@AGB/T 28001 — 2011 zhi ye jian kang an quan guan li ti xi nei shen yuan jiao cheng@f上海质量管理科学研究院编著
210    @a北京@c中国质检出版社@c中国标准出版社@d2013
215    @a164页@d26cm
330    @a本书介绍了企事业单位实施GB/T28001-2011必须具备的基础知识、审核知识、危险源的辨识与评价方法、相关的主要职业健康安全法律法规内容、文件编写方法、体系运行的控制要求、内部审核程序等。
606 0  @a劳动保护@x劳动管理@x体系@x国家标准@y中国@j教材
606 0  @a劳动卫生@x卫生管理@x体系@x国家标准@y中国@j教材
606 0  @a劳动保护
606 0  @a劳动管理
606 0  @a体系
606 0  @a国家标准
606 0  @a劳动卫生
606 0  @a卫生管理
690    @aX92@v5
711 0  @a上海质量管理科学研究院@Ashang hai zhi liang guan li ke xue yan jiu yuan@4编著
801  0 @aCN@b碧洲教育@c20150718
905    @a10447@f4@dX92@e15
    
    GB/T 28001—2011职业健康安全管理体系内审员教程/上海质量管理科学研究院编著.-北京:中国质检出版社:中国标准出版社,2013
    164页;26cm
    
    
    ISBN 978-7-5066-7091-3:CNY40.00
    本书介绍了企事业单位实施GB/T28001-2011必须具备的基础知识、审核知识、危险源的辨识与评价方法、相关的主要职业健康安全法律法规内容、文件编写方法、体系运行的控制要求、内部审核程序等。
●
相关链接 在E读中查询图书 在五车中查询图书 在当当中查询图书 在豆瓣中查询图书


正题名:GB/T 28001—2011职业健康安全管理体系内审员教程     索取号:X92/15         预约/预借

序号 登录号 条形码 馆藏地/架位号 状态 备注
1 0848192   208481926   第二样本阅览室/ [索取号:X92/15] 在馆    
2 0848193   208481935   第三借阅区/ [索取号:X92/15] 在馆    
3 0848194   208481944   第三借阅区/ [索取号:X92/15] 在馆    
4 0848195   208481953   密集书库-化学系/ [索取号:X92/15] 在馆    
唐山师范学院图书馆 欢迎您!
大连网信软件有限公司© 版权所有